| 000 | 00000nam##2200000za#4500 |
| 001 | 9.695550 |
| 003 | CaOODSP |
| 005 | 20210624234628 |
| 007 | cr ||||||||||| |
| 008 | 150407|2007||||xxc|||||o f|0| 0 eng|d |
| 040 | |aCaOODSP|beng |
| 043 | |an-cn--- |
| 086 | 1 |aFs23-452/2007E-PDF |
| 110 | 1 |aCanada. |bDepartment of Fisheries and Oceans. |
| 245 | 10|aSport fishing guidelines for crab |h[electronic resource] |
| 260 | |aVancouver - British Columbia : |bFisheries and Oceans Canada |cc2007. |
| 300 | |a2p.|bcoloured illus., photographs |
| 500 | |aIncorrect catalogue number (Fs23-452/2007E) and ISBN (0-662-39275-2) printed in this publication. |
| 590 | |a12-02-Supp|b2012-01-20 |
| 690 | 07|aFishing (Sport)|2gcpds |
| 775 | 08|tConsignes à respecter concernant la pêche au crabe |w(CaOODSP)9.639685 |
| 856 | 40|ahttp://publications.gc.ca|qPDF|s456 KB|uhttps://publications.gc.ca/collections/collection_2012/mpo-dfo/Fs23-452-2007-eng.pdf |